| Tag |
First Indicator |
Second Indicator |
Subfields |
| LEADER |
00000cam a2200000 4500 |
| 001 |
in00000063296 |
| 005 |
20151008051733.0 |
| 008 |
711201r19661904nyu b 00000 eng u |
| 010 |
|
|
|a 66013231
|
| 035 |
|
|
|a (OCoLC)00177338
|
| 035 |
|
|
|9 AAG9698AM
|
| 040 |
|
|
|c WSU
|d TXA
|d UtOrBLW
|
| 049 |
|
|
|a TXAM
|c [465615]
|
| 050 |
|
0 |
|a LB125.A4
|b G3 1966
|
| 092 |
|
|
|a 370
|b G248a, 1966
|
| 100 |
1 |
|
|a Gaskoin, C. J. B.
|q (Charles Jacinth Bellairs)
|
| 245 |
1 |
0 |
|a Alcuin; his life and his work /
|c by C. J. B. Gaskoin.
|
| 264 |
|
1 |
|a New York :
|b Russell & Russell,
|c 1966.
|
| 300 |
|
|
|a 275 pages
|
| 336 |
|
|
|a text
|b txt
|2 rdacontent
|
| 337 |
|
|
|a unmediated
|b n
|2 rdamedia
|
| 338 |
|
|
|a volume
|b nc
|2 rdacarrier
|
| 600 |
0 |
0 |
|a Alcuin,
|d 735-804.
|
| 999 |
|
|
|a MARS
|
| 999 |
f |
f |
|s 776105ba-3a44-390d-b43e-9439f91be40b
|i e18766b5-c7e8-3ea5-9d78-ccce14f8fed3
|t 0
|
| 952 |
f |
f |
|p normal
|a Texas A&M University
|b College Station
|c Sterling C. Evans Library
|d Evans: Library Stacks
|t 0
|e LB125.A4 G3 1966
|h Library of Congress classification
|i unmediated -- volume
|m A14800817307
|
| 998 |
f |
f |
|a LB125.A4 G3 1966
|t 0
|l Evans: Library Stacks
|